000 01844cam a2200361 i 4500
001 23059112
003 OSt
005 20260512143716.0
008 230411s2023 nyu b 001 0 eng
010 _a 2022061879
020 _a9780367491840
_q(pbk)
035 _a23059112
040 _aDLC
_beng
_erda
_cDLC
_dDLC
_dMILA_ain
042 _apcc
050 0 0 _aGT3405
_b.B69 2023
100 1 _aBowdin, G. A. J.,
_eauthor.
245 1 0 _aEvents management /
_cGlenn A. J. Bowdin, Johnny Allen, Rob Harris, Leo Jago, William O 'Toole and Ian McDonnell.
250 _a4th edition.
264 1 _aNew York :
_bRoutledge,
_c2023.
300 _axxxix, 811 pages :
_billustrations (color) ;
_c25 cm.
336 _atext
_btxt
_2rdacontent
337 _aunmediated
_bn
_2rdamedia
338 _avolume
_bnc
_2rdacarrier
490 0 _aEvents management
500 _a"First edition published by Butterworth-Heinemann 2001. Third edition published by Routledge 2012"--T.p. verso.
504 _aIncludes bibliographical references and index.
520 _a"A must-have introductory text of unrivalled coverage and depth focusing on events planning and management, the fourth edition of Events Management provides a complete A to Z of the principles and practices of planning, managing and staging events. This book has been dubbed 'the events management bible' and fosters an interactive learning experience amongst scholars of events management, tourism and hospitality"--
_cProvided by publisher.
650 0 _aSpecial events
_xManagement.
650 0 _aSpecial events
_xPlanning.
776 0 8 _iOnline version:
_aBowdin, Glenn A. J.
_tEvents management
_b4th edition.
_dNew York : Routledge, 2023
_z9781003044963
_w(DLC) 2022061880
942 _2lcc
_cBK
999 _c2657
_d2657